000 00678nam a22002177a 4500
003 OSt
005 20250814014534.0
008 240717b |||||||| |||| 00| 0 eng d
020 _a0297832891
040 _aDWCL-Main Lib.
_cOC
082 _aCirc. 641.594 C311f 1995
100 _aCarrier, Robert
245 _aFeast of provence /
_cRobert Carrier
260 _aGreat Britain :
_bGeorge Weidenfield and Nicolson Limited Onion House.,
_cc1995.
300 _a223 pages:
_bcolored illustrations;
_c30cm.
504 _aIncludes index.
650 _a1. France --- Provence.
650 _a 2. Cooking.
650 _a 3. Manners and customs.
942 _2ddc
_cBK-CIRC
_kCirc.
_n0
999 _c2330
_d2330